MARC details
| 000 -LEADER |
| campo de control de longitud fija |
01433mam a2200289 a 4500 |
| 001 - NÚMERO DE CONTROL |
| campo de control |
2428069 |
| 005 - FECHA Y HORA DE LA ÚLTIMA TRANSACCIÓN |
| campo de control |
20220326193310.0 |
| 008 - DATOS DE LONGITUD FIJA--INFORMACIÓN GENERAL |
| campo de control de longitud fija |
010409s1997 cr a c 000 0 spa d |
| 020 ## - NÚMERO INTERNACIONAL ESTÁNDAR DEL LIBRO |
| Número Internacional Estándar del Libro |
9968976326 |
| 035 ## - NÚMERO DE CONTROL DEL SISTEMA |
| Número de control de sistema |
(OCoLC)ocm46689604 |
| 040 ## - FUENTE DE CATALOGACIÓN |
| Centro catalogador/agencia de origen |
AZU |
| Centro/agencia transcriptor |
AZU |
| 082 ## - NÚMERO DE LA CLASIFICACIÓN DECIMAL DEWEY |
| Número de clasificación |
708.972.86 |
| Número de ítem |
R741m |
| 090 ## - LOCALMENTE ASIGNADO TIPO-LC NÚMERO DE CLASIFICACIÓN (OCLC); NÚMERO DE CLASIFICACIÓN LOCAL (RLIN) |
| Número de clasificación (OCLC) (R) ; Numero de clasificación, CALL (RLIN) (NR) |
N910.S318 |
| Número cutter local (OCLC) ; Número de libro/Signatura topográfica íntegra, CALL (RLIN) |
R65 1997 |
| 100 ## - ENTRADA PRINCIPAL--NOMBRE DE PERSONA |
| Nombre de persona |
Rojas González, José Miguel, |
| 9 (RLIN) |
1991 |
| 110 2# - ENTRADA PRINCIPAL--NOMBRE DE ENTIDAD CORPORATIVA |
| Nombre de entidad corporativa o nombre de jurisdicción como elemento de entrada |
Museo de Arte Costarricense. |
| 9 (RLIN) |
1992 |
| 245 10 - MENCIÓN DEL TÍTULO |
| Título |
Museo de Arte Costarricense : |
| Resto del título |
XX aniversario, 1977-1997 / |
| Mención de responsabilidad, etc. |
[José Miguel Rojas González]. |
| 250 ## - MENCION DE EDICION |
| Mención de edición |
1. ed. |
| 260 ## - PUBLICACIÓN, DISTRIBUCIÓN, ETC. |
| Lugar de publicación, distribución, etc. |
San José : |
| Nombre del editor, distribuidor, etc. |
Museo de Arte Costarricense, |
| Fecha de publicación, distribución, etc. |
1997. |
| 300 ## - DESCRIPCIÓN FÍSICA |
| Extensión |
136 p. : |
| Otras características físicas |
ill. (some col.) ; |
| Dimensiones |
28 cm. |
| 505 ## - NOTA DE CONTENIDO CON FORMATO |
| Título |
La joya de la Sabana |
| Mención de responsabilidad |
Guido Saenz Gonzalez |
| Título |
Memoria de la memoria |
| Mención de responsabilidad |
Eduardo Faith |
| Título |
Museo de Arte Costarricense |
| -- |
Administraciones del Museo de Arte Costarricense |
| -- |
Coleccion Nacional |
| -- |
Coleccion Internacional |
| -- |
Galeria Direccion General de Artes y Letras |
| -- |
Museo de Arte Costarricense |
| -- |
Exposiciones organizadas en el exterior |
| -- |
Sala Julian Marchena, Galeria Nacional de Arte Contemporaneo |
| -- |
Galeria Enrique Echandi |
| -- |
Galeria Jorge Debravo |
| 610 20 - PUNTO DE ACCESO ADICIONAL DE MATERIA--NOMBRE DE ENTIDAD CORPORATIVA |
| Nombre de entidad corporativa o nombre de jurisdicción como elemento de entrada |
Museo de Arte Costarricense |
| Subdivisión de forma |
Catalogs. |
| 9 (RLIN) |
1993 |
| 650 #0 - PUNTO DE ACCESO ADICIONAL DE MATERIA--TÉRMINO DE MATERIA |
| Término de materia o nombre geográfico como elemento de entrada |
Art, Costa Rican |
| Subdivisión de forma |
Catalogs. |
| 9 (RLIN) |
1994 |
| 650 #0 - PUNTO DE ACCESO ADICIONAL DE MATERIA--TÉRMINO DE MATERIA |
| Término de materia o nombre geográfico como elemento de entrada |
Art, Costa Rican |
| Subdivisión cronológica |
20th century |
| Subdivisión de forma |
Catalogs. |
| 9 (RLIN) |
1995 |
| 650 #0 - PUNTO DE ACCESO ADICIONAL DE MATERIA--TÉRMINO DE MATERIA |
| Término de materia o nombre geográfico como elemento de entrada |
Art |
| Subdivisión geográfica |
Costa Rica |
| -- |
San José |
| Subdivisión de forma |
Catalogs. |
| 9 (RLIN) |
1996 |
| 700 1# - ENTRADA AGREGADA--NOMBRE PERSONAL |
| Nombre de persona |
Rojas González, José Miguel, |
| Fechas asociadas al nombre |
1959- |
| 9 (RLIN) |
1997 |